States of the U.S. with a twist - Statistics

General Stats
  • This quiz has been taken 42 times
    34 since last reset
  • The average score is 41 of 50
Answers on the Map
Answers color-coded by a green-red scale on the quiz's map according to % correct below.
 
Answer Stats
States % Correct
Texas
100%
Colorado
96%
Florida
96%
Hawaii
96%
Washington
96%
Arizona
91%
Arkansas
91%
California
91%
Kentucky
87%
Michigan
87%
Nevada
87%
New Mexico
87%
New York
87%
North Carolina
87%
North Dakota
87%
South Dakota
87%
Tennessee
87%
Alabama
83%
Alaska
83%
Georgia
83%
Idaho
83%
Illinois
83%
Kansas
83%
Massachusetts
83%
Ohio
83%
South Carolina
83%
Delaware
78%
Indiana
78%
Iowa
78%
Maine
78%
Maryland
78%
Minnesota
78%
Missouri
78%
New Hampshire
78%
New Jersey
78%
Oregon
78%
Pennsylvania
78%
Rhode Island
78%
Virginia
78%
West Virginia
78%
Connecticut
74%
Louisiana
74%
Mississippi
74%
Montana
74%
Oklahoma
74%
Vermont
74%
Wisconsin
74%
Wyoming
74%
Nebraska
70%
Utah
70%
No matching quizzes found
Score Distribution
Percent of People with Each Score
Percentile by Number Answered
Your Score History
You have not taken this quiz since the last reset